000 00732nam a2200217Ia 4500
008 151213s9999 xx 000 0 und d
020 _a978-81-86806-92-x
041 _hবাংলা
082 _a491.444203
_b491.444203 শৈলেস
100 _aসংসদ
110 _9211
_aসাহিত্য সংসদ
245 _aসংসদ বাংলা অভিধান
_cসংসদ
260 _aকলকাতা
_bসাহিত্য সংসদ
_c2000
300 _a[7], 680p.+7:
_c22cm.
610 0 _9212
_aসাহিত্য সংসদ
650 _aDictionary
650 _aReference
700 _aবিশ্বাস, শৈলেন্দ্র
_9213
942 _2ddc
_cREF
999 _c4998
_d4998